Zmeny v odpisovaní dlhodobého hmotného majetku účinné od 1. 1. 2012 a ich dopady na podniky

Salvato in:
Dettagli Bibliografici
Autore principale: Uhliar, Miroslav, 1981-
Natura: Capitolo di libro
Lingua:slovacco
Soggetti:
Tags: Aggiungi Tag
Nessun Tag, puoi essere il primo ad aggiungerne!!

MARC

LEADER 00000nla a2200000 4500
001 0157020
005 20240502072737.5
041 0 |a slo 
044 |a SK 
245 1 0 |a Zmeny v odpisovaní dlhodobého hmotného majetku účinné od 1. 1. 2012 a ich dopady na podniky  |c Miroslav Uhliar 
500 |a Abstrakt 
610 2 0 |a odpisy 
610 2 0 |a majetok hmotný 
610 2 0 |a majetok dlhodobý 
610 2 0 |a účtovníctvo 
610 2 0 |a podnik 
610 2 0 |a odpisy daňové 
100 1 |a Uhliar, Miroslav, 1981-